000 00465nam a2200145 i 4500
001 57689
003 ES-MaACL
005 20230906163625.0
007 t|
008 031017s1913 cu ||||1| spa d
100 1 _aDomínguez Roldan, Guillermo.
_945245
245 1 0 _aExamen crítico de la póliza tipo francesa de Seguros contra incendios /
_cGuillermo Domínguez Roldan.
260 _aHabana :
_b[s.n.,
_c1913] (
_fImp. La Universal)
852 _aES-MaACL
_j1615-F-19
999 _c57689
_d57689